000 01205nam a22003497a 4500
003 CHAP
005 20220329133941.0
008 971013s1972 r 00010 d
010 _a13113
011 _a14085
035 _a18158
040 _cCHAP
082 _a631.43
_bB38 1972
100 0 0 _aBaver, Leonard David.
_910977
245 _aSoil physics
250 _a4 ed.
260 _aLondon :
_bWiley,
_c1972
300 _a498 p.
590 _aBATCH-UPD
_b10
_c20130110
_lUCH01
_h1526
590 _aBATCH-UPD
_b10
_c20130410
_lUCH01
_h0935
590 _aBATCH-UPD
_b10
_c20130914
_lUCH01
_h1936
590 _aCONVERSION
_b10
_c20130109
_lUCH01
_h1309
650 1 4 _aSuelos
_xFĂ­sica de.
_9110373
700 0 _aGardner, Walter Hale.
_946857
901 _aBK
942 _cLIBRO
949 _a631.43 B38 1972
_bBC
_cLIBRO
_d-42402
_eLIBRO
_fc.2
_h30528
_i18158
_si
949 _a631.43 B38 1972
_bBC
_cLIBRO
_d33724000067534
_eLIBRO
_fc.5
_h39483
_i18158
_mD
_si
949 _a631.43 B38 1972
_bBC
_cLIBRO
_d33724000069068
_eLIBRO
_h30527
_i18158
_si
949 _a631.43 B38 1972
_bBC
_cLIBRO
_d33724000069076
_eLIBRO
_fc.3
_h30529
_i18158
_si
949 _a631.43 B38 1972
_bBC
_cLIBRO
_d33724000900734
_eLIBRO
_fc.4
_h30530
_i18158
_si
999 _c13113
_d13113